00323 2200145 4500001002100000005001500021035002000036245003500056100000900091300001200100260003100112082000800143084001400151990001200165INLIS00000000000192720250521021841 a0010-05250002191 aCemara - Cemara Kampus /cDono0 aDono a339 hlm aJakarta :bGramedia,c1999 a800 a800 DON c a0713446